[Event "Presov op"]
[Site "Presov"]
[Date "2001.08.12"]
[Round "2"]
[White "Kujovic, Michal"]
[Black "Macak, Stefan"]
[Result "1/2-1/2"]
[WhiteElo "2335"]
[BlackElo "2214"]
[PlyCount "86"]
[EventDate "2001.08.11"]
[EventType "swiss"]
[EventRounds "9"]
[EventCountry "SVK"]
[SourceTitle "EXT 2002"]
[Source "ChessBase"]
[SourceDate "2001.11.25"]
[SourceVersion "1"]
[SourceVersionDate "2001.11.25"]
[SourceQuality "1"]

1. d4 Nf6 2. c4 g6 3. Nc3 Bg7 4. Nf3 0-0 5. Bg5 d6 6. Qd2 Nbd7 7. Bh6 c6 8. Bxg7 Kxg7 9. e3 a6 10. Bd3 b5 11. 0-0 bxc4 12. Bxc4 Nb6 13. Bd3 Bg4 14. Qe2 Qc8 15. h3 Bxf3 16. Qxf3 c5 17. Ne4 c4 18. Be2 Nxe4 19. Qxe4 Qd7 20. d5 Qb5 21. b3 Qc5 22. bxc4 Ra7 23. Rfb1 Rc7 24. Rb3 Rfc8 25. Qd4+ Qxd4 26. exd4 Nxc4 27. Rc1 Nd2 28. Rxc7 Rxc7 29. Ra3 Rc1+ 30. Kh2 Nf1+ 31. Bxf1 Rxf1 32. Kg3 Rd1 33. Ra4 Rd3+ 34. f3 g5 35. h4 h6 36. Kg4 Rd2 37. g3 Kg6 38. h5+ Kf6 39. f4 gxf4 40. gxf4 Rh2 41. Rxa6 Rd2 42. Ra4 Rg2+ 43. Kf3 Rh2 1/2-1/2